Army and nation: (Record no. 141591)

MARC details
000 -LEADER
fixed length control field 00625nam a22001937a 4500
005 - DATE AND TIME OF LATEST TRANSACTION
control field 20170621110746.0
010 ## - LCCN (DPL NO)
LC control number ENG-118820
020 ## - INTERNATIONAL STANDARD BOOK NUMBER
International Standard Book Number 9788178244761
Terms of availability 595.00
035 ## - SYSTEM CONTROL NUMBER
System control number EN-102352
037 ## - SOURCE OF ACQUISITION
Source of stock number/acquisition DBAD/PUB
082 ## - DEWEY DECIMAL CLASSIFICATION NUMBER
Classification number 322.50954
100 ## - MAIN ENTRY--PERSONAL NAME
Personal name Wilkinson, Steven I.
245 ## - TITLE STATEMENT
Title Army and nation:
Remainder of title The military and indian democracy since independence /
Statement of responsibility, etc by Steven I. Wilkinson
260 ## - PUBLICATION, DISTRIBUTION, ETC. (IMPRINT)
Place of publication, distribution, etc Ranikhet
Name of publisher, distributor, etc Permanent Black
Date of publication, distribution, etc 2017
270 ## - ADDRESS
Address 'Himalyana' , Mall Road, Ranikhet Cantt, Ranikhet-263645.
300 ## - PHYSICAL DESCRIPTION
Extent 295p
Dimensions 22cm.(pbk)
500 ## - GENERAL NOTE
General note Includes Index
942 ## - ADDED ENTRY ELEMENTS (KOHA)
Source of classification or shelving scheme Dewey Decimal Classification
Item type English Books
Classification part 322.50954
Call number suffix WIL
Holdings
Withdrawn status Lost status Not for loan Collection code Home library Current library Date acquired Source of acquisition Cost, normal purchase price Full call number Barcode Copy number Cost, replacement price Koha item type
    Not For Loan Non-fiction D.B.Act.Division Bawana 21/06/2017 DBAD/PUB 595.00 322.50954 WIL EN-102352 1 595.00 English Books

© Delhi Public Library
Hit Counter
free hit counter